000 01165nam a2200241Ia 4500
999 _c34622
_d34622
001 387
003 GE_BSU
005 20200128115846.0
008 181216s2007||||ge |||||||||||||| ||geo||
020 _a9789994069323
040 _cGE_BSU
041 _ageo
080 _a330+1 მ-39
100 _aმაქანი, ტიბორ რ.
_96427
245 _aსაქართველოში წაკითხული ლექციები :
_bპრინციპები, გარდამავალი პერიოდი და განვითარება /
_cტიბორ რ. მაქანი ; [მთარგმნ. ირაკლი თოდრია ; მთ. რედ. პაატა შეშელიძე].
264 _aთბილისი,
_c2007.
300 _a114 გვ.;
_b17 სმ.
653 _aპოლიტიკური ეკონომია
653 _aფილოსოფია
700 _aთოდრია, ირაკლი
_eმთარგმნელი
_96428
700 _aშეშელიძე, პაატა
_eმთარგმნელი
_96429
942 _cBK
_2udc